Statistiques concernant Culture Générale - Série 1367

Cliquez ici pour prendre le quiz!

Statistiques générales

  • Ce quiz a été pris 64 fois
  • Le résultat moyen est 7 sur 10

Statistiques - réponses

QuestionRéponse% Correct
Quel type d'aliments sont la ricotta et le mascarpone ?fromages
95%
Avec la Lettonie et l'Estonie, quel est le troisième pays Balte ?Lituanie
95%
Dans quel pays d'Amérique du Sud se trouve l'Aconcagua, qui culmine à 6 959 m ?Argentine
88%
Quelles parties de la gazelle donnent leur nom à une célèbre pâtisserie orientale ?cornes
83%
Quelle petite crêpe épaisse, d'origine russe, sert-on chaude avec les oeufs de poisson ou le poisson fumé ?blini
77%
Dans la BD "Spider-Man", quel animal mord Peter Parker et lui donne ainsi ses pouvoirs ?araignée
77%
De quelle mythologie le dieu Amon est-il issu ?égyptienne
73%
Dans quel film de 2005 Jamie Foxx incarne-t-il le chanteur Ray Charles ?Ray
55%
Dans un opéra, quels mots italiens signifiant "première dame" désignent la cantatrice principale ?prima donna
53%
De quel pays la ville de Bichkek est-elle la capitale ?Kirghizistan
42%

Distribution des résultats

Percentile par nombre de réponses

% des personnes avec chaque résultat

Votre développement - résultats

Vous n’avez pas pris ce quiz